000 00649nam a2200241 i 4500
001 C2-0340379
003 PPAK
005 20180728142312.0
008 170122s2015 enka|||| ||||| | eng d
020 _a9781408864203
040 _aPPAK
_beng
_cPPAK
_erda
082 0 4 _a428.6
_223
090 0 0 _a428.6
_bBAR
_dRK
100 1 _aBarton, Suzanne,
_eauthor
245 1 4 _aThe dawn chorus
264 1 _aLondon :
_bBloomsbury Publishing ,
_c2015
300 _a[25 pages] :
_bcolour illustrations ;
_c41 cm
336 _2rdacontent
_atext
337 _2rdamedia
_aunmediated
338 _2rdacarrier
_avolume
650 1 0 _aReaders.
942 _ddc
_cB
999 _c137534
_d137534